[Event "Ostrava Konik op"]
[Site "Ostrava"]
[Date "2014.05.03"]
[Round "8"]
[White "Odlevak, Marek"]
[Black "Palanek, Rene"]
[Result "1-0"]
[WhiteElo "1217"]
[BlackElo "1090"]
[PlyCount "108"]
[EventDate "2014.04.26"]
[EventType "swiss"]
[EventRounds "9"]
[EventCountry "CZE"]
[SourceTitle "CBM 160 Extra"]
[Source "ChessBase"]
[SourceDate "2014.07.01"]
[SourceVersion "1"]
[SourceVersionDate "2014.07.01"]
[SourceQuality "1"]

1. e4 c6 2. d4 d5 3. e5 Bf5 4. Nf3 e6 5. Nc3 Bb4 6. Bd2 Ne7 7. a3 Bxc3 8. bxc3 Nd7 9. Be2 0-0 10. Bg5 h6 11. Bd2 c5 12. 0-0 Rb8 13. Rb1 c4 14. h3 Bh7 15. Nh4 f6 16. Nf3 Qc7 17. Re1 fxe5 18. dxe5 b5 19. Qc1 Nxe5 20. Nxe5 Qxe5 21. Bxc4 Qf6 22. Bd3 Bxd3 23. cxd3 Ng6 24. Be3 Ne5 25. Qd2 Rb7 26. Qe2 Rc8 27. Rb3 Ng6 28. Bd4 e5 29. Bxe5 Nxe5 30. Qxe5 Qxe5 31. Rxe5 Rcb8 32. a4 a6 33. axb5 axb5 34. f4 Kf7 35. g4 Kf6 36. Kf2 g5 37. Rf5+ Kg6 38. fxg5 h5 39. Kg3 hxg4 40. Kxg4 d4 41. Rf6+ Kg7 42. c4 b4 43. Kh5 Rh8+ 44. Kg4 Rg8 45. c5 Rc7 46. c6 Rgc8 47. Rxb4 Rxc6 48. Rxc6 Rxc6 49. Rxd4 Kg6 50. h4 Kg7 51. Rd7+ Kg8 52. d4 Kh8 53. d5 Rc4+ 54. Kh5 Rc8 1-0

[Event "Ostrava Konik op"]
[Site "Ostrava"]
[Date "2014.05.02"]
[Round "7"]
[White "Palanek, Rene"]
[Black "Opela, Radek"]
[Result "0-1"]
[WhiteElo "1090"]
[BlackElo "1329"]
[PlyCount "58"]
[EventDate "2014.04.26"]
[EventType "swiss"]
[EventRounds "9"]
[EventCountry "CZE"]
[SourceTitle "CBM 160 Extra"]
[Source "ChessBase"]
[SourceDate "2014.07.01"]
[SourceVersion "1"]
[SourceVersionDate "2014.07.01"]
[SourceQuality "1"]

1. e4 c5 2. c4 Nc6 3. Nc3 d6 4. Nf3 Nf6 5. d3 g6 6. Bg5 Bg7 7. Be2 0-0 8. 0-0 Qa5 9. Qd2 a6 10. Bh6 b5 11. Bxg7 Kxg7 12. a3 bxc4 13. dxc4 Be6 14. Ng5 Nd4 15. Nxe6+ fxe6 16. Bd3 Nb3 17. Qc2 Nxa1 18. Rxa1 Ng4 19. e5 Nxe5 20. Ne4 Nxd3 21. Qxd3 Rf5 22. g4 Rf4 23. Ng5 Rxg4+ 24. Kh1 Rxg5 25. Qf1 Rb8 26. b4 cxb4 27. axb4 Qxb4 28. f4 Qb7+ 29. Qg2 Qxg2# 0-1

[Event "Ostrava Konik op"]
[Site "Ostrava"]
[Date "2014.04.29"]
[Round "4"]
[White "Palanek, Rene"]
[Black "Privoznik, Lubos"]
[Result "0-1"]
[WhiteElo "1090"]
[BlackElo "1647"]
[PlyCount "84"]
[EventDate "2014.04.26"]
[EventType "swiss"]
[EventRounds "9"]
[EventCountry "CZE"]
[SourceTitle "CBM 160 Extra"]
[Source "ChessBase"]
[SourceDate "2014.07.01"]
[SourceVersion "1"]
[SourceVersionDate "2014.07.01"]
[SourceQuality "1"]

1. e4 e6 2. d4 d5 3. e5 c5 4. c3 Nc6 5. Nf3 Qb6 6. Be2 Nh6 7. Bxh6 Qxb2 8. Nbd2 gxh6 9. Qc1 Qb6 10. Rb1 Qc7 11. Bb5 Bd7 12. 0-0 c4 13. Qc2 Ne7 14. Bxd7+ Qxd7 15. Nh4 Ng6 16. Nxg6 hxg6 17. f4 b6 18. a4 Be7 19. Nf3 0-0 20. Nh4 Bxh4 21. Rf3 Bd8 22. g4 Bh4 23. Rh3 Qe7 24. f5 exf5 25. gxf5 Qg5+ 26. Qg2 Qxf5 27. Rb5 Qg5 28. Qxg5 Bxg5 29. Rxd5 Rad8 30. Rb5 Rfe8 31. Rb4 Rc8 32. Kf2 h5 33. Rb5 Bd8 34. Re3 Bc7 35. Kf3 a6 36. Rd5 Rcd8 37. Rxd8 Rxd8 38. e6 fxe6 39. Rxe6 Rd6 40. Re7 Rf6+ 41. Ke3 Bxh2 42. d5 g5 0-1